[Event "BEL-chT 1011"]
[Site "Belgium"]
[Date "2010.12.05"]
[Round "5.6"]
[White "Van der Burch, Arie"]
[Black "Valentiny, Benoit"]
[Result "1-0"]
[WhiteElo "2210"]
[BlackElo "1867"]
[PlyCount "83"]
[EventDate "2010.09.26"]
[EventType "team-tourn"]
[EventRounds "11"]
[EventCountry "BEL"]
[SourceTitle "EXT 2012"]
[Source "ChessBase"]
[SourceDate "2011.11.24"]
[SourceVersion "1"]
[SourceVersionDate "2011.11.24"]
[SourceQuality "1"]
[WhiteTeam "Borgerhout"]
[BlackTeam "Liege Crelel"]
[WhiteTeamCountry "BEL"]
[BlackTeamCountry "BEL"]

1. d4 d6 2. c4 Nf6 3. Nc3 Nbd7 4. e4 e5 5. d5 c6 6. Nf3 Be7 7. Be2 0-0 8. 0-0 a6 9. Qc2 cxd5 10. cxd5 b5 11. a3 Bb7 12. Be3 Ng4 13. Bd2 Rc8 14. Rac1 Nc5 15. b4 Na4 16. Qb3 Nb6 17. a4 bxa4 18. Nxa4 Rxc1 19. Bxc1 Qc7 20. Nxb6 Qxb6 21. h3 Nf6 22. Be3 Qd8 23. Nd2 Qa8 24. f3 Nd7 25. Ra1 Qc8 26. Nc4 f5 27. Na5 Nb8 28. Nc6 Bxc6 29. dxc6+ Kh8 30. Rc1 Qc7 31. b5 axb5 32. Qxb5 Bd8 33. exf5 Rxf5 34. Bd3 Rf7 35. Be4 Qc8 36. Bd5 Re7 37. Ra1 Bc7 38. Ra8 Re8 39. Bb6 h6 40. Qa5 Re7 41. Bxc7 Rxc7 42. Qb6 1-0

[Event "BEL-chT 1011"]
[Site "Belgium"]
[Date "2010.11.21"]
[Round "4.6"]
[White "Claesen, Pieter"]
[Black "Valentiny, Benoit"]
[Result "1-0"]
[WhiteElo "2367"]
[BlackElo "2026"]
[PlyCount "71"]
[EventDate "2010.09.26"]
[EventType "team-tourn"]
[EventRounds "11"]
[EventCountry "BEL"]
[SourceTitle "EXT 2012"]
[Source "ChessBase"]
[SourceDate "2011.11.24"]
[SourceVersion "1"]
[SourceVersionDate "2011.11.24"]
[SourceQuality "1"]
[WhiteTeam "Fontaine"]
[BlackTeam "Liege Crelel"]
[WhiteTeamCountry "BEL"]
[BlackTeamCountry "BEL"]

1. c4 d6 2. Nc3 Nf6 3. g3 e5 4. Bg2 Nbd7 5. e4 c6 6. Nge2 Be7 7. d3 a6 8. 0-0 0-0 9. h3 b5 10. Be3 b4 11. Na4 Bb7 12. f4 c5 13. g4 h6 14. g5 hxg5 15. fxg5 Nh5 16. h4 g6 17. Bf3 Ng7 18. Ng3 Ne6 19. Bg4 Rb8 20. Bxe6 fxe6 21. Qg4 Rxf1+ 22. Rxf1 Nf8 23. b3 Bc6 24. Nb2 Bd7 25. Nd1 d5 26. Nf2 d4 27. Bc1 Nh7 28. Qh3 Qc7 29. Ng4 Rf8 30. Rxf8+ Kxf8 31. Nf1 Ke8 32. Qh2 Bd6 33. h5 Qd8 34. hxg6 Nxg5 35. Qh8+ Bf8 36. g7 1-0